书目信息 |
| 题名: |
信息管理导论
|
|
| 作者: | 谭祥金 党跃武 | |
| 分册: | ||
| 出版信息: | 北京 高等教育出版社 2000 |
|
| 页数: | ||
| 开本: | 26cm | |
| 丛书名: | ||
| 单 册: | ||
| 中图分类: | G2 | |
| 科图分类: | ||
| 主题词: | 信息 , 知识--传播 | |
| 电子资源: | ||
| ISBN: | 7-04-008915-7 | |
| 000 | 00544nam0 2200193 450 | |
| 001 | 0735257515 | |
| 005 | 20070904094737.51 | |
| 010 | @a7-04-008915-7@d15.30 | |
| 100 | @a20070904d km y0chiy0120 ea | |
| 101 | 0 | @achi |
| 200 | 1 | @a信息管理导论@Axin xi guan li dao lun@f谭祥金 党跃武@Ftan xiang jin dang yue wu |
| 210 | @a北京@c高等教育出版社@d2000 | |
| 215 | @d26cm | |
| 606 | 0 | @a信息 |
| 606 | 0 | @a知识@x传播 |
| 690 | @aG2@v3 | |
| 701 | 0 | @a谭祥金 党跃武@Atan xiang jin dang yue wu |
| 801 | 0 | @aCN@bPFT@c20070904 |
| 905 | @a213230@dG2@ea20@f1 | |
| 信息管理导论/谭祥金 党跃武.-北京:高等教育出版社,2000 |
| 26cm |
| ISBN 7-04-008915-7:15.30 |
| ● |
| 相关链接 |
|
|
|
|
正题名:信息管理导论
索取号:G2/a20
 
预约/预借
| 序号 | 登录号 | 条形码 | 馆藏地/架位号 | 状态 | 备注 |
| 1 | 7503392 | 275033928 | 密集书库-史法系/ [索取号:G2/a20] | 在馆 |